000 00388nam a2200157Ia 4500
008 230312s9999||||xx |||||||||||||| ||und||
020 _a1-56529-886-1
082 _a005.2
_bCHA-K
100 _aChalnick Leon
245 0 _aKiller Paradox 5 For Windows
260 _bQUE
300 _a1231
546 _aEng.
650 _acomputer
_vBasic Building Block , Object PAL Basics
942 _cBK
999 _c3085
_d3085